Reflecting a changing market (Record no. 108937)

MARC details
000 -LEADER
fixed length control field 01317cam a22002295a 4500
001 - CONTROL NUMBER
control field L145835
008 - FIXED-LENGTH DATA ELEMENTS--GENERAL INFORMATION
fixed length control field 081112s2008 xxk f 000 0 eng d
035 ## - SYSTEM CONTROL NUMBER
System control number (Sirsi) u145835
041 0# - LANGUAGE CODE
Language code of text/sound track or separate title eng
050 04 - LIBRARY OF CONGRESS CALL NUMBER
Classification number 333.332 $2 18
111 2# - MAIN ENTRY--MEETING NAME
Meeting name or jurisdiction name as entry element RICS International Valuation Conference
Date of meeting or treaty signing (2006
Location of meeting London)
245 00 - TITLE STATEMENT
Title Reflecting a changing market
Remainder of title RICS International Valuation Conference 2006, London, 15 November 2006
260 ## - PUBLICATION, DISTRIBUTION, ETC.
Place of publication, distribution, etc. London
Name of publisher, distributor, etc. RICS
Date of publication, distribution, etc. 2006
300 ## - PHYSICAL DESCRIPTION
Extent ca. 100 p.
Other physical details ill.
Dimensions 30cm.
505 2# - FORMATTED CONTENTS NOTE
Formatted contents note Chairman's welcome and introduction -- RICS Valuation Faculty review 2006 -- Property investments markets -- Panel session: REITs and property investment markets -- Valuation accuracy in Europe -- Understanding obsolescence and depreciation in commercial buildings -- Ethics, regulation and valuation fraud
520 ## - SUMMARY, ETC.
Summary, etc. Conference papers of the RICS International Valuation Conference 2006. Discusses the impact of real estate depreciation on appraisal models. Presents the future of regulation on valuation practice. Most items are presented by the Powerpoint slides shown during the conference and therefore summed up as lists.
521 ## - TARGET AUDIENCE NOTE
Target audience note Advanced
650 24 - SUBJECT ADDED ENTRY--TOPICAL TERM
Topical term or geographic name entry element RICS INTERNATIONAL VALUATION CONFERENCE
651 #4 - SUBJECT ADDED ENTRY--GEOGRAPHIC NAME
Geographic name International
690 ## - LOCAL SUBJECT ADDED ENTRY--TOPICAL TERM (OCLC, RLIN)
Topical term or geographic name as entry element PROPERTY-PROPERTY APPRAISAL AND VALUATION
942 ## - ADDED ENTRY ELEMENTS (KOHA)
Suppress in OPAC 0
Holdings
Withdrawn status Lost status Source of classification or shelving scheme Damaged status Not for loan Home library Current library Shelving location Date acquired Total Checkouts Full call number Barcode Date last seen Copy number Price effective from Koha item type
    Dewey Decimal Classification     London London RICS Boxes 12/11/2008   RICS 2006/90 30071269 06/08/2019 1 06/08/2019 Archive